7 Letter Capitals Quiz Stats

 Plays Quiz not verified by Sporcle

Also try: First 20 US States
Challenge
Share
Tweet
Embed
Score 0/25 Timer 05:00
0 Plays Today
Capital % Correct
Caracas
78.1%
Beijing
75.3%
Algiers
74.6%
Vilnius
74.2%
Tallinn
73.5%
Yerevan
72.4%
Jakarta
71.4%
Baghdad
71%
Bangkok
70.7%
Tripoli
65.7%
Nairobi
65%
Managua
64.7%
Tbilisi
64%
Capital % Correct
Bishkek
62.2%
Nicosia
61.8%
Kampala
60.8%
Yaounde
59.7%
Thimphu
56.5%
Conakry
56.2%
Mbabane
54.4%
San Jose
52.3%
Honiara
51.9%
Palikir
46.3%
Sao Tome
39.6%
Colombo
29.3%

You're not logged in!

Compare scores with friends on all Sporcle quizzes.
Join for Free
OR
Log In

You Might Also Like...

Show Comments

Extras

Top Quizzes Today


Score Distribution

Your Account Isn't Verified!

In order to create a playlist on Sporcle, you need to verify the email address you used during registration. Go to your Sporcle Settings to finish the process.

Report this User

Report this user for behavior that violates our Community Guidelines.

Details: